| 000 | 00701nam2a2200205 4500 | ||
|---|---|---|---|
| 001 | RU\NLR\PER_A\002340998_002640 | ||
| 005 | 20250626161700.0 | ||
| 035 | _a(NLR Aleph) 011971736 | ||
| 090 |
_a11259806 _c11259806 |
||
| 100 | _a20190326d2019 |||y0rusy50 ca | ||
| 101 | 0 | _arus | |
| 102 | _aRU | ||
| 200 | 0 | _a2019, № 1 (388) | |
| 210 |
_d2019 _aБ. м. |
||
| 461 | 0 |
_1001RU\NLR\INFOCOMM55\5000111623 _12001#$aСемья. Земля. Урожай$eЕжемес. журн.$v2019, № 1 (388) _94482668 _cКраснодар _d1995- _oЕжемес. журн. _tСемья. Земля. Урожай _v2019, № 1 (388) |
|
| 852 |
_aNLR _jП14/920 |
||
| 942 | _cISSUE | ||
| 980 | _aNB | ||
| 980 | _aRUSPER | ||